Účtovanie odpisov v jednoduchom účtovníctve
Účtovanie odpisov hmotného a nehmotného majetku v sústave jednoduchého účtovníctva. Vybrané príklady účtovania odpisov sú vysvetlené na komentovaných príkladoch z praxe. Právna úprava odpisov. Daňové a účtovné odpisy.
Salvato in:
| Autore principale: | |
|---|---|
| Natura: | Capitolo di libro |
| Lingua: | slovacco |
| Soggetti: | |
| Tags: |
Nessun Tag, puoi essere il primo ad aggiungerne!!
|
MARC
| LEADER | 00000naa a2200000 4500 | ||
|---|---|---|---|
| 001 | r046895 | ||
| 005 | 20231003085608.8 | ||
| 041 | 0 | |a slo | |
| 044 | |a SK | ||
| 245 | 1 | 0 | |a Účtovanie odpisov v jednoduchom účtovníctve |c Jarmila Strählová |
| 520 | |a Účtovanie odpisov hmotného a nehmotného majetku v sústave jednoduchého účtovníctva. Vybrané príklady účtovania odpisov sú vysvetlené na komentovaných príkladoch z praxe. Právna úprava odpisov. Daňové a účtovné odpisy. | ||
| 610 | 2 | 0 | |a odpisy |
| 610 | 2 | 0 | |a účtovanie |
| 610 | 2 | 0 | |a účtovníctvo jednoduché |
| 610 | 2 | 0 | |a odpisy daňové |
| 610 | 2 | 0 | |a odpisy účtovné |
| 610 | 2 | 0 | |a úpravy právne |
| 610 | 2 | 0 | |a majetok hmotný |
| 610 | 2 | 0 | |a majetok nehmotný |
| 100 | 1 | |a Strählová, Jarmila | |